| 000 | 00578nam a2200181 a 4500 | ||
|---|---|---|---|
| 001 | 000043361 | ||
| 005 | 20201002040839.0 | ||
| 008 | 140311s1998 sp 000 0 spa d | ||
| 020 | _a8433910728 | ||
| 040 |
_aDO-SdBNP _bspa _cBNPHU |
||
| 100 | 1 |
_aGopegui, Belén _971017 |
|
| 245 | 1 | 3 |
_aLa conquista del aire. / _cBelén Gopegui. |
| 260 |
_aBarcelona, : _bAnagrama, _c1998. |
||
| 300 |
_a341 p. ; _c22 cm. |
||
| 490 | 1 |
_aNarrativas hispánicas _v242 |
|
| 500 | _aIncluye datos biografícos de la autora en la solapa de la portada | ||
| 830 | 0 |
_aNarrativas hispánicas _n242 _971018 |
|
| 999 |
_c42850 _d42850 |
||